Statistiche per Elenca la formazione - Quiz n°45

Clicka qui per fare il quiz!

Statistiche generali

  • Questo quiz è stato fatto 23 volte
  • Il punteggio medio è 8 su 11

Statistiche sulle risposte

RuoloNazioneCalciatore% Corretto
PortiereCosta RicaKeylor Navas
100%
AttaccanteFranciaKylian Mbappé
95%
CentrocampistaArgentinaÁngel Di María
91%
CentrocampistaBrasileNeymar
86%
DifensoreBrasileThiago Silva
86%
DifensoreBrasileMarquinhos
82%
AttaccanteArgentinaMauro Icardi
77%
CentrocampistaSenegalIdrissa Gueye
68%
DifensoreGermaniaThilo Kehrer
59%
DifensorePaesi BassiMitchel Bakker
36%
CentrocampistaArgentinaLeandro Paredes
23%

Distribuzione punteggi

Percentile per numero di risposta

Percentuale di utenti per punteggio

I tuoi punteggi nel tempo

Non hai fatto questo quiz